01567nam a22003257a 4500999001700000003000900017005001700026008004100043020001800084020001500102040004300117082001800160100002900178245037300207250002000580250002300600264006500623300002500688336002600713337002800739338002700767500002000794650003800814653002400852655002400876700003600900942001200936952016500948952012801113 c28145d28116EG-ScBUE20200810121904.0200218r20082006ii f 001 0 eng d a9788123913933 a8123913931 aEG-ScBUEbengerdacEG-ScBUEdEG-ScBUE04a541 bAGA2221 aAgarwal, S. P.,eauthor.10aPhysical pharmacy :bas per B. Pharm Syllabus of AICTE /cDr. S. P. Agarwal, B. Pharm. (Pilani), M. Pharm. (B.H.U.), M.S., Ph.D. (Illinois), Department of Pharmaceutics, Faculty of Pharmacy, Jamia Hamdard (Hamdard University), New Delhi, Dr. Rajesh Khanna, M. Pharm., Ph.D. (Pharmaceutics), Debur Research Foundation, 22, site IV, Sahibabad, Ghaziabad, Uttar Pradesh. aSecond edition. aReprinted edition. 1aNew Delhi :bCBS Publishers & Distributors Pvt. Ltd.,c2008. aix, 330 pagesc30 cm 2rdacontentatextbtxt 2rdamediaaunmediatedbn 2rdacarrieravolumebnc aIncludes index. 7aChemistry, Pharmaceutical.2BUEsh bPPhrmcFebruary2020 vReading book9342321 aKhanna, Rajesh,eauthor.938473 2ddccBB 00102ddc40708Academic Science HouseaMAINbMAINc1STd2020-02-18ePurchaseg620.00h993l0o541 AGAp000048746r2025-07-15 00:00:00v775.00w2020-02-18yBB 00102ddc40708BaccahaMAINbMAINc1STd2020-08-10ePurchasel0o541 AGAp000049429r2025-07-15 00:00:00w2020-08-10yBB